000 00287nam a22001337a 4500
008 181022b xxu||||| |||| 00| 0 eng d
020 _a08052
041 _aeng
080 _a785
100 _a45
101 _aMUS
245 _aThe Trumpet Shall Sound
_cWorsley.P
942 _2udc
_cBK
999 _c50406
_d50406